000 01125nam a2200337 a 4500
001 000110462
003 CHAP
005 20220329144134.0
008 140829s2010 mx a |r| |||||||spa d
010 _a106924
011 _a107896
020 _a9786077533801
040 _cCHAP
090 _aFolleto 18461
100 1 _aCadena Iñiguez, Jorge
_9128146
245 1 3 _aEl chayote /
_cpor Jorge Cadena Iñiguez y María de Lourdes Catalina Arevalo Galarza.
260 _aMéxico, D.F. :
_bGrupo Interdisiplinario de Investigacion en Sechium edule en México
_bC.P.,
_c2010.
300 _a17 p. :
_bil.
590 _aE5652GLJ
_b05
_c20140829
_lUCH01
_h1441
590 _aE5652GLJ
_b05
_c20140902
_lUCH01
_h0916
650 1 4 _aChayote
_xConservación.
_9128148
650 1 4 _aChayote
_xCultivo.
_9128147
650 1 4 _aChayote
_xFisiología y morfología.
_922085
650 1 4 _aChayote
_xRendimiento.
_922089
650 1 4 _aChayote
_xTecnología postcosecha.
_922090
650 1 4 _aChayote
_xVariedades.
_9128161
700 0 _aArévalo Galarza, María de Lourdes Catalina.
_97312
901 _aBK
942 _cFOLL
942 _n0
999 _c106924
_d106924